[Event "57th World Juniors 2018"]
[Site "Manavgat TUR"]
[Date "2018.09.14"]
[Round "10.10"]
[White "Narayanan, S.L."]
[Black "Sindarov, Javokhir"]
[Result "1-0"]
[WhiteTitle "GM"]
[BlackTitle "IM"]
[WhiteElo "2573"]
[BlackElo "2484"]
[WhiteFideId "5058422"]
[BlackFideId "14205483"]
[EventDate "2018.09.05"]

1. d4 Nf6 2. c4 c5 3. d5 e6 4. Nc3 exd5 5. cxd5 d6 6. Nf3 g6 7. Bf4 Bg7 8. Qa4+
Bd7 9. Qb3 Qc7 10. e4 O-O 11. Nd2 Re8 12. Be2 a6 13. a4 Bg4 14. f3 Nh5 15. Be3
Bc8 16. Nc4 Nd7 17. g4 Nhf6 18. Bf4 Bf8 19. h4 Ne5 20. Bxe5 dxe5 21. a5 Rb8 22.
h5 g5 23. Qb6 Qxb6 24. axb6 Bd7 25. Ra5 Ra8 26. Kd2 Ba4 1-0

[Event "57th World Juniors 2018"]
[Site "Manavgat TUR"]
[Date "2018.09.14"]
[Round "10.11"]
[White "Pichot, Alan"]
[Black "Bellahcene, Bilel"]
[Result "1-0"]
[WhiteTitle "GM"]
[BlackTitle "GM"]
[WhiteElo "2562"]
[BlackElo "2501"]
[WhiteFideId "110973"]
[BlackFideId "696358"]
[EventDate "2018.09.05"]

1. e4 c5 2. Nf3 d6 3. d4 cxd4 4. Nxd4 Nf6 5. Nc3 a6 6. Bg5 Nbd7 7. Qe2 h6 8. Bh4
g6 9. f4 e5 10. fxe5 dxe5 11. O-O-O Qc7 12. Nb3 b5 13. Nd5 Nxd5 14. exd5 Bd6 15.
Nd2 O-O 16. g4 Nc5 17. Kb1 f5 18. Bh3 Kh7 19. gxf5 Bxf5 20. Qg2 Rac8 21. Bxf5
gxf5 22. Rhg1 Qf7 23. Qh3 Rg8 24. Bf2 Rcf8 25. Be3 Qf6 26. Rxg8 Rxg8 27. Rf1 Rf8
28. b4 Na4 29. Ne4 fxe4 30. Rxf6 Rxf6 31. c4 Bxb4 32. Qd7+ Kg8 33. Qe8+ Kg7 34.
Qxe5 Bd6 35. Qh5 Bc5 36. Qg4+ Kf7 37. Qd7+ 1-0

[Event "57th World Juniors 2018"]
[Site "Manavgat TUR"]
[Date "2018.09.14"]
[Round "10.12"]
[White "Lee, Jun Hyeok"]
[Black "Lomasov, Semyon"]
[Result "1/2-1/2"]
[WhiteTitle "FM"]
[BlackTitle "IM"]
[WhiteElo "2263"]
[BlackElo "2545"]
[WhiteFideId "13202340"]
[BlackFideId "24164879"]
[EventDate "2018.09.05"]

1. Nf3 c5 2. c4 Nc6 3. d4 cxd4 4. Nxd4 Nf6 5. Nc3 e6 6. Bf4 d6 7. e3 e5 8. Nxc6
bxc6 9. Bg3 Rb8 10. Qc2 Nh5 11. Be2 Nxg3 12. hxg3 h6 13. Rb1 Qa5 14. O-O Be7 15.
a3 O-O 16. b4 Qc7 17. b5 Be6 18. Bf3 cxb5 19. Nd5 Bxd5 20. Bxd5 bxc4 21. Rfc1
Rxb1 22. Qxb1 Qc5 23. e4 c3 24. Qb3 Rc8 25. Bxf7+ Kh8 26. Be6 Rf8 27. Bf5 Qb6
28. Rxc3 Qxb3 29. Rxb3 d5 30. Kf1 dxe4 31. Bxe4 Bc5 32. f3 Kg8 33. Ke2 Kf7 34.
a4 Rd8 35. Rb5 Bd4 36. f4 exf4 37. gxf4 Rd7 38. Kf3 Rc7 39. Kg4 Ke7 40. Rb7 1/2-1/2

[Event "57th World Juniors 2018"]
[Site "Manavgat TUR"]
[Date "2018.09.14"]
[Round "10.13"]
[White "Nikitenko, Mihail"]
[Black "Karthikeyan, Murali"]
[Result "0-1"]
[WhiteTitle "IM"]
[BlackTitle "GM"]
[WhiteElo "2368"]
[BlackElo "2605"]
[WhiteFideId "13506862"]
[BlackFideId "5074452"]
[EventDate "2018.09.05"]

1. Nf3 Nf6 2. b3 g6 3. Bb2 Bg7 4. g3 O-O 5. Bg2 c5 6. c4 Nc6 7. O-O d6 8. d4
cxd4 9. Nxd4 Bd7 10. Nc3 Rc8 11. e3 a6 12. Rc1 Nxd4 13. exd4 b5 14. cxb5 axb5
15. a3 Qb6 16. Re1 e6 17. Qd2 d5 18. Na2 Ne4 19. Qd3 Nd6 20. Nb4 Nf5 21. Rcd1
Rc7 22. Bh3 Ne7 23. Bf1 Rfc8 24. Rd2 Bh6 25. Rc2 Nf5 26. Bh3 Ne7 27. Bf1 Nc6 28.
Rc5 Na5 29. Bg2 Nb7 30. Rxd5 exd5 31. Nxd5 Qa6 32. Ne7+ Kf8 33. Nxc8 Bxc8 34. a4
Nd6 35. d5 Bg7 36. Ba3 Bc3 37. Rc1 Bb4 38. Qd4 Rxc1+ 39. Bxc1 Qa5 40. Qh8+ Ke7
41. Bg5+ Kd7 42. Qf6 Kc7 43. Bf4 bxa4 44. Qxf7+ Kb8 45. Qf6 Qb6 46. bxa4 Bc5 47.
Bxd6+ Bxd6 48. h4 Qc5 49. a5 Bc7 50. Qb2+ Ka7 51. Qg7 Ka6 52. Qxh7 Bf5 53. Kh2
Bxa5 54. d6 Bb6 55. Qb7+ Ka5 56. d7 Qxf2 57. Qd5+ Kb4 58. Qd6+ Kc4 59. Qd5+ Kc3
60. Qc6+ Kb2 61. Qb5+ Ka3 62. Qf1 Qxf1 63. Bxf1 Bxd7 64. Bd3 Be8 65. Kh3 Kb4 66.
Be2 Bd8 67. g4 Kc3 68. g5 Kd2 69. Bf3 Ke3 70. Bg4 Kf4 71. Bd1 Ba5 72. Bg4 Be1
73. Be6 Bg3 74. h5 gxh5 75. Bd5 Be1 76. Be6 Kxg5 77. Bc8 Bb5 78. Bd7 0-1

[Event "57th World Juniors 2018"]
[Site "Manavgat TUR"]
[Date "2018.09.14"]
[Round "10.14"]
[White "Janik, Igor"]
[Black "Van Foreest, Jorden"]
[Result "0-1"]
[WhiteTitle "IM"]
[BlackTitle "GM"]
[WhiteElo "2447"]
[BlackElo "2624"]
[WhiteFideId "1159259"]
[BlackFideId "1039784"]
[EventDate "2018.09.05"]

1. d4 f5 2. g3 Nf6 3. Bg2 e6 4. c4 Be7 5. Nf3 O-O 6. O-O Ne4 7. Nfd2 d5 8. Nc3
c6 9. f3 Nxd2 10. Qxd2 dxc4 11. Rd1 b5 12. e4 Nd7 13. Qe2 Nb6 14. a3 a5 15. f4
Bd7 16. d5 exd5 17. exd5 Bc5+ 18. Kf1 Re8 19. Qc2 Qf6 20. dxc6 Bxc6 21. Bxc6
Qxc6 22. Qg2 Qxg2+ 23. Kxg2 b4 24. axb4 axb4 25. Rxa8 Rxa8 26. Ne2 Ra2 27. Kf3
c3 28. b3 Kf7 29. Rd8 Ke7 30. Rg8 Rb2 31. Rxg7+ Kd6 32. Rf7 Rxb3 33. Rxf5 Rb2
34. Rf6+ Kd5 35. Rh6 Rc2 36. Be3 Bxe3 37. Kxe3 Nc4+ 38. Kf3 Rxe2 0-1

[Event "57th World Juniors 2018"]
[Site "Manavgat TUR"]
[Date "2018.09.14"]
[Round "10.15"]
[White "Donchenko, Alexander"]
[Black "Batsuren, Dambasuren"]
[Result "1-0"]
[WhiteTitle "GM"]
[BlackTitle "IM"]
[WhiteElo "2614"]
[BlackElo "2446"]
[WhiteFideId "24603295"]
[BlackFideId "4902920"]
[EventDate "2018.09.05"]

1. c4 Nf6 2. Nc3 e6 3. e4 d5 4. e5 d4 5. exf6 dxc3 6. bxc3 Qxf6 7. d4 e5 8. Nf3
Nc6 9. Bg5 Qg6 10. d5 Nb8 11. Bd3 f5 12. h4 e4 13. h5 Qd6 14. Bxe4 h6 15. c5
Qxc5 16. Be3 Qxc3+ 17. Bd2 Qf6 18. Bc2 Bd6 19. Qe2+ Qe7 20. Qxe7+ Bxe7 21. O-O
O-O 22. Rfe1 Bd6 23. Ne5 Na6 24. Ng6 Rd8 25. Ne7+ Kf8 26. Nxc8 Rdxc8 27. Rab1
Nc5 28. Bxf5 Re8 29. Bc3 Na4 30. Ba1 Rxe1+ 31. Rxe1 Nb6 32. Be6 Re8 33. Re4 c6
34. Rg4 Re7 35. Bf6 Rc7 36. Bd8 Nxd5 37. Bxc7 Nxc7 38. Bc8 b5 39. Rg6 Ne8 40.
Re6 c5 41. Bd7 Be7 42. Bxe8 Kxe8 43. Kf1 a5 44. Ke2 a4 45. Rb6 b4 46. Kd3 Bf6
47. Rb7 Kf8 48. Kc4 Bd4 49. f3 Be3 50. Rd7 a3 51. Kd5 Kg8 52. Rb7 Kf8 53. Ke6
Kg8 54. Rb5 Kh7 55. g4 Kg8 56. f4 Kh7 57. Kd5 Bd4 58. Rb7 Be3 59. Ke4 Bc1 60.
Kf5 Bd2 61. Rc7 Be3 62. g5 hxg5 63. fxg5 Bd2 64. Rxc5 b3 65. axb3 a2 66. g6+ Kh6
67. Rc8 1-0

[Event "57th World Juniors 2018"]
[Site "Manavgat TUR"]
[Date "2018.09.14"]
[Round "10.16"]
[White "Xu, Xiangyu"]
[Black "Escalante Ramirez, Brian Sebasti"]
[Result "1/2-1/2"]
[WhiteTitle "GM"]
[BlackTitle "IM"]
[WhiteElo "2586"]
[BlackElo "2436"]
[WhiteFideId "8608288"]
[BlackFideId "3819566"]
[EventDate "2018.09.05"]

1. e4 e6 2. d4 d5 3. Nd2 Be7 4. Bd3 c5 5. dxc5 Nf6 6. Qe2 O-O 7. Ngf3 a5 8. O-O
Na6 9. e5 Nd7 10. c4 Ndxc5 11. Bb1 Nc7 12. cxd5 Nxd5 13. Ne4 Nxe4 14. Qxe4 g6
15. h4 Ra6 16. Bh6 Re8 17. Ng5 Bf8 18. Qf3 Qe7 19. Bxf8 Rxf8 20. Qg3 f5 21. exf6
Qxf6 22. Bd3 Rb6 23. b3 Rb4 24. Bc4 Nf4 25. Rae1 b5 26. a3 bxc4 27. axb4 axb4
28. bxc4 Ba6 29. Qb3 Qc3 30. Qa4 Bxc4 31. Re3 Qg7 32. Rfe1 Qb7 33. Rf3 1/2-1/2

[Event "57th World Juniors 2018"]
[Site "Manavgat TUR"]
[Date "2018.09.14"]
[Round "10.17"]
[White "Zarubitski, Viachaslau"]
[Black "Aravindh, Chithambaram VR."]
[Result "0-1"]
[WhiteTitle "IM"]
[BlackTitle "GM"]
[WhiteElo "2425"]
[BlackElo "2578"]
[WhiteFideId "13509373"]
[BlackFideId "5072786"]
[EventDate "2018.09.05"]

1. e4 c5 2. Nf3 Nc6 3. Bb5 g6 4. Bxc6 bxc6 5. O-O Bg7 6. Re1 Nh6 7. d3 O-O 8. h3
f6 9. c3 Nf7 10. Be3 d6 11. Qa4 Bd7 12. Nbd2 e5 13. Nc4 f5 14. exf5 gxf5 15.
Nxd6 Nxd6 16. Bxc5 Nf7 17. Bxf8 Qxf8 18. Re2 Qd6 19. Rae1 c5 20. Qh4 Kh8 21. Qh5
Rf8 22. Nh4 Qf6 23. f4 Be8 24. Nf3 c4 25. dxc4 e4 26. Ng5 Bh6 27. Nxe4 fxe4 28.
Rxe4 Bd7 29. Re7 Ba4 30. b3 Bc6 31. R1e6 Qxf4 32. Rxc6 Qc1+ 33. Kh2 Bf4+ 34. g3
Bxg3+ 35. Kg2 Bd6 36. Rxd6 Rg8+ 37. Kf2 Qg1+ 38. Ke2 Qh2+ 39. Ke3 Rg3+ 40. Ke4
Qc2+ 41. Kf4 Qf2+ 0-1

[Event "57th World Juniors 2018"]
[Site "Manavgat TUR"]
[Date "2018.09.14"]
[Round "10.18"]
[White "Gokerkan, Cem Kaan"]
[Black "Martinez Alcantara, Jose Eduardo"]
[Result "1/2-1/2"]
[WhiteTitle "IM"]
[BlackTitle "GM"]
[WhiteElo "2416"]
[BlackElo "2565"]
[WhiteFideId "6336760"]
[BlackFideId "3805662"]
[EventDate "2018.09.05"]

1. e4 e5 2. Nf3 Nc6 3. Bc4 Bc5 4. c3 Nf6 5. d3 d6 6. Nbd2 O-O 7. Bb3 h6 8. Nf1
a5 9. Ng3 Be6 10. O-O Ba7 11. Qe2 Qd7 12. Kh1 Ne7 13. Nh4 a4 14. Bc2 Nh7 15. Bd2
b5 16. a3 c6 17. Rae1 Rae8 18. Bc1 Kh8 19. Qd1 g5 20. Nhf5 Bxf5 21. exf5 Ng8 22.
b3 axb3 23. Bxb3 Nhf6 24. a4 Bb6 25. h3 Ba5 26. Bb2 Rb8 27. axb5 Rxb5 28. Ba1
Re8 29. Ba4 Rbb8 30. d4 Qc7 31. dxe5 dxe5 32. Qf3 Rbc8 33. Re2 Bb6 34. Rfe1 Re7
35. Ne4 Nxe4 36. Rxe4 Nf6 37. R4e2 Qd6 38. Rd1 Qc5 39. c4 Kg7 40. Rde1 Qb4 41.
Bc2 Qxc4 42. Bb3 Qf4 43. Rxe5 Rxe5 44. Bxe5 Qxf3 45. gxf3 Rd8 46. f4 Bxf2 47.
fxg5 hxg5 48. Rd1 Rxd1+ 49. Bxd1 c5 50. Bb3 Bd4 51. Bxf6+ Kxf6 1/2-1/2

[Event "57th World Juniors 2018"]
[Site "Manavgat TUR"]
[Date "2018.09.14"]
[Round "10.19"]
[White "Kollars, Dmitrij"]
[Black "Gorshtein, Ido"]
[Result "1-0"]
[WhiteTitle "GM"]
[BlackTitle "FM"]
[WhiteElo "2536"]
[BlackElo "2383"]
[WhiteFideId "12909572"]
[BlackFideId "2815532"]
[EventDate "2018.09.05"]

1. e4 c6 2. d4 d5 3. e5 Bf5 4. Nd2 e6 5. Nb3 Nd7 6. Nf3 h6 7. Be2 Ne7 8. O-O g5
9. Bd2 Bg7 10. a4 O-O 11. a5 f6 12. exf6 Bxf6 13. Ne1 Qc7 14. f4 Ng6 15. Nd3 Be7
16. Bg4 Kg7 17. Bxf5 Rxf5 18. fxg5 hxg5 19. Qe2 Bd6 20. g3 Raf8 21. Rxf5 exf5
22. Bxg5 Nf6 23. Nbc5 1-0

[Event "57th World Juniors 2018"]
[Site "Manavgat TUR"]
[Date "2018.09.14"]
[Round "10.20"]
[White "Pang, Tao"]
[Black "Yakubboev, Nodirbek"]
[Result "0-1"]
[BlackTitle "IM"]
[WhiteElo "2290"]
[BlackElo "2521"]
[WhiteFideId "8609950"]
[BlackFideId "14203987"]
[EventDate "2018.09.05"]

1. Nf3 f5 2. c4 Nf6 3. Nc3 d6 4. d4 g6 5. g3 Bg7 6. Bg2 O-O 7. O-O Qe8 8. d5 Na6
9. Rb1 e5 10. dxe6 Bxe6 11. Nd4 c6 12. Nxe6 Qxe6 13. b3 Nc5 14. Bb2 Rad8 15. e3
Ng4 16. Qe2 Ne4 17. Nd1 Ne5 18. Nc3 Nd7 19. Rbc1 g5 20. Qc2 Rfe8 21. Ne2 Bxb2
22. Qxb2 Ne5 23. Qc2 Ng4 24. Nc3 Qe5 25. Qd3 h5 26. f3 Nc5 27. Qb1 Qxe3+ 28. Kh1
Nf2+ 29. Rxf2 Qxf2 30. b4 Nd7 31. Rf1 Qd4 32. Qxf5 Qxc3 33. f4 Qf6 0-1

[Event "57th World Juniors 2018"]
[Site "Manavgat TUR"]
[Date "2018.09.14"]
[Round "10.21"]
[White "Zou, Chen"]
[Black "Lorparizangeneh, Shahin"]
[Result "1-0"]
[WhiteTitle "FM"]
[BlackTitle "GM"]
[WhiteElo "2365"]
[BlackElo "2491"]
[WhiteFideId "8610959"]
[BlackFideId "12521604"]
[EventDate "2018.09.05"]

1. e4 c5 2. Nf3 Nc6 3. d4 cxd4 4. Nxd4 e5 5. Nb5 d6 6. N1c3 a6 7. Na3 Be7 8. Nc4
b5 9. Ne3 Nf6 10. Bd3 O-O 11. O-O Rb8 12. a4 Nb4 13. axb5 axb5 14. Be2 Be6 15.
Kh1 Qb6 16. f4 Rfd8 17. Nxb5 d5 18. fxe5 dxe4 19. Qe1 Nfd5 20. Qg3 Nxe3 21. Bxe3
Bc5 22. Bxc5 Qxc5 23. Nd6 Qxc2 24. Bg4 Rf8 25. h3 Qd3 26. Qh4 e3 27. Bxe6 fxe6
28. Rxf8+ Rxf8 29. Qxb4 e2 30. Kh2 h6 31. Qg4 Rf1 32. Ne8 g5 33. Qxe6+ Kf8 34.
Qxh6+ Kxe8 35. Qe6+ Kf8 36. Ra8+ Kg7 37. Ra7+ 1-0

[Event "57th World Juniors 2018"]
[Site "Manavgat TUR"]
[Date "2018.09.14"]
[Round "10.22"]
[White "Percivaldi, Martin"]
[Black "Harsha, Bharathakoti"]
[Result "0-1"]
[WhiteTitle "IM"]
[BlackTitle "IM"]
[WhiteElo "2376"]
[BlackElo "2474"]
[WhiteFideId "1508148"]
[BlackFideId "5078776"]
[EventDate "2018.09.05"]

1. Nf3 d5 2. e3 Nf6 3. b3 Bg4 4. Bb2 Nbd7 5. c4 e6 6. h3 Bh5 7. Be2 a5 8. a3 c6
9. O-O Bd6 10. cxd5 exd5 11. d3 O-O 12. Nbd2 Re8 13. Re1 h6 14. Nh4 Bxe2 15.
Qxe2 Be5 16. Bxe5 Nxe5 17. Ndf3 Ra6 18. Nxe5 Rxe5 19. Nf3 Re8 20. Rab1 Qe7 21.
b4 axb4 22. axb4 Rb6 23. Qd2 Ra8 24. Rb2 Ra3 25. Reb1 Nd7 26. Nd4 Ne5 27. Rb3
Ra4 28. Qc3 Ra2 29. Qc5 Qf6 30. Rf1 Rba6 31. Qc3 Ra8 32. b5 c5 33. Qxc5 Rxf2 34.
Rxf2 Ra1+ 35. Kh2 Ng4+ 36. Kg3 Qxf2+ 37. Kxg4 Qxg2+ 38. Kf4 Qg5+ 0-1

[Event "57th World Juniors 2018"]
[Site "Manavgat TUR"]
[Date "2018.09.14"]
[Round "10.23"]
[White "Barseghyan, Harutyun"]
[Black "Can, Isik"]
[Result "1-0"]
[WhiteTitle "IM"]
[BlackTitle "FM"]
[WhiteElo "2466"]
[BlackElo "2361"]
[WhiteFideId "13304585"]
[BlackFideId "6383742"]
[EventDate "2018.09.05"]

1. d4 d5 2. c4 c6 3. cxd5 cxd5 4. Bg5 Nc6 5. Nc3 Bf5 6. Nf3 Qd7 7. e3 e6 8. Rc1
Bd6 9. Bb5 f6 10. Bh4 Nge7 11. O-O O-O 12. Na4 Rfc8 13. Nc5 Bxc5 14. dxc5 e5 15.
a3 a6 16. Ba4 g5 17. Bg3 Bg4 18. h3 Bh5 19. Bxc6 bxc6 20. Nxe5 fxe5 21. Qxh5 Qf5
22. h4 gxh4 23. Qxf5 Nxf5 24. Bxe5 Re8 25. Bf4 Kf7 26. Rc3 d4 27. Rd3 dxe3 28.
fxe3 Kg6 29. Rd7 Re6 30. Rfd1 Kh5 31. Rxh7+ Kg4 32. Kh2 Rg8 33. Rdd7 a5 34. b4
Nxe3 35. Bxe3 Rxe3 36. bxa5 Ra8 37. Rd4+ Kg5 38. Ra4 Rc3 39. a6 Rxc5 40. Rb7 Rd5
41. a7 Rdd8 42. Ra6 h3 43. Kxh3 Kf4 44. Rf7+ Ke3 45. g3 c5 46. Rc7 Rd4 47. Re6+
Kd3 48. Rb6 Ra4 49. Rxc5 R8xa7 50. Rb3+ Kd4 51. Rc8 R4a6 52. Re8 Rh7+ 53. Kg2
Rc6 54. Rb4+ Kd5 55. Rb2 Kd6 56. Rd2+ Kc7 57. Re3 Rc4 58. Red3 Rg7 59. Ra2 Kb6
60. Rb3+ Ka5 61. Rab2 Ka6 62. Rb4 1-0

[Event "57th World Juniors 2018"]
[Site "Manavgat TUR"]
[Date "2018.09.14"]
[Round "10.24"]
[White "Lodici, Lorenzo"]
[Black "Wadsworth, Matthew J"]
[Result "1-0"]
[WhiteTitle "IM"]
[BlackTitle "FM"]
[WhiteElo "2458"]
[BlackElo "2351"]
[WhiteFideId "884189"]
[BlackFideId "415804"]
[EventDate "2018.09.05"]

1. d4 Nf6 2. c4 c5 3. d5 e6 4. Nc3 exd5 5. cxd5 d6 6. e4 g6 7. Nf3 a6 8. Qe2 Bg4
9. e5 Bxf3 10. gxf3 dxe5 11. Qxe5+ Qe7 12. Bf4 Nbd7 13. Qxe7+ Bxe7 14. O-O-O Nh5
15. Be3 Bd6 16. Ne4 Be5 17. Kb1 b6 18. d6 O-O 19. Bc4 Kg7 20. a4 h6 21. a5 f5
22. Ng3 Nf4 23. Rhe1 Ng2 24. Rg1 Nxe3 25. fxe3 bxa5 26. f4 Bf6 27. Nxf5+ Kh7 28.
Ne7 Rfb8 29. Rd2 Rb4 30. Bd3 c4 31. Bxg6+ Kh8 32. Bf5 c3 33. Rdg2 Bxe7 34. dxe7
Nf6 35. Rg6 1-0

[Event "57th World Juniors 2018"]
[Site "Manavgat TUR"]
[Date "2018.09.14"]
[Round "10.25"]
[White "Repka, Christopher"]
[Black "Baenziger, Fabian"]
[Result "1/2-1/2"]
[WhiteTitle "GM"]
[BlackTitle "IM"]
[WhiteElo "2523"]
[BlackElo "2360"]
[WhiteFideId "14918781"]
[BlackFideId "1330110"]
[EventDate "2018.09.05"]

1. d4 d5 2. Bg5 h6 3. Bh4 c5 4. e3 Nc6 5. Nf3 g5 6. Bg3 Bg7 7. Bb5 Bg4 8. O-O
cxd4 9. exd4 e6 10. c3 Qb6 11. Bxc6+ Qxc6 12. Nbd2 Ne7 13. Qb3 Ng6 14. Ne5 Nxe5
15. Bxe5 f6 16. Bg3 h5 17. h4 Bh6 18. hxg5 Bxg5 19. f4 Bh6 20. Rae1 Kf7 21. Nf3
Rhg8 22. Nh4 Bf5 23. Nxf5 exf5 24. Re3 Rae8 25. Rfe1 Re4 26. Bf2 Rg4 27. Rxe4
fxe4 28. Rxe4 Bxf4 29. Re2 Qd7 30. Be1 h4 31. Qc2 Kg7 32. Qd3 Bg3 33. Qf3 Bxe1
34. Rxe1 Rg3 35. Qf4 Qh3 36. Re2 Rg6 37. Qb8 Qg4 38. Qxb7+ Kh6 39. Qe7 h3 40.
Qe3+ Kg7 41. Qe7+ Kh6 42. Qe3+ Kg7 43. Qd2 f5 44. Qe3 f4 45. Qe7+ Kh6 46. Qf8+
Rg7 47. Qh8+ Kg6 48. Rf2 Kf7 49. Qh6 Kg8 50. Qxf4 Qxf4 51. Rxf4 Rxg2+ 52. Kh1
Rxb2 53. Rf5 Rxa2 54. Rxd5 Rc2 55. Rc5 a5 56. d5 a4 57. d6 Rd2 58. Ra5 Rxd6 59.
Rxa4 Rd3 60. Kh2 Rxc3 61. Rg4+ Kf7 62. Rg3 Rxg3 63. Kxg3 h2 64. Kg2 h1=Q+ 65.
Kxh1 1/2-1/2

[Event "57th World Juniors 2018"]
[Site "Manavgat TUR"]
[Date "2018.09.14"]
[Round "10.26"]
[White "Macovei, Andrei"]
[Black "Jarmula, Lukasz"]
[Result "1/2-1/2"]
[WhiteTitle "FM"]
[BlackTitle "IM"]
[WhiteElo "2385"]
[BlackElo "2504"]
[WhiteFideId "13904680"]
[BlackFideId "1160664"]
[EventDate "2018.09.05"]

1. e4 c5 2. Nf3 d6 3. d4 cxd4 4. Nxd4 Nf6 5. Nc3 a6 6. f3 e5 7. Nb3 Be6 8. Be3
h5 9. Nd5 Bxd5 10. exd5 Nbd7 11. Qd2 g6 12. Be2 Bg7 13. O-O-O Qc7 14. Kb1 b5 15.
g4 hxg4 16. fxg4 Rh3 17. g5 Ne4 18. Qc1 Nb6 19. Bg4 Rh4 20. h3 Nc4 21. Rhe1 Qd8
22. Nd4 Qa5 23. c3 Nxc3+ 24. bxc3 exd4 25. Bxd4+ Kf8 26. Qf4 Be5 27. Rxe5 dxe5
28. Bxe5 Qa3 29. Qf2 Rxg4 30. hxg4 Nxe5 31. Rh1 Qxc3 32. Rh8+ Ke7 33. Rxa8 Qb4+
34. Ka1 Qc3+ 35. Kb1 Qb4+ 36. Ka1 Qc3+ 37. Kb1 1/2-1/2

[Event "57th World Juniors 2018"]
[Site "Manavgat TUR"]
[Date "2018.09.14"]
[Round "10.27"]
[White "Sanal, Vahap"]
[Black "Murphy, Conor E"]
[Result "1-0"]
[WhiteTitle "GM"]
[BlackTitle "FM"]
[WhiteElo "2502"]
[BlackElo "2357"]
[WhiteFideId "6300545"]
[BlackFideId "421669"]
[EventDate "2018.09.05"]

1. e4 e5 2. Nf3 Nc6 3. Bb5 a6 4. Ba4 Nf6 5. O-O Be7 6. Bxc6 dxc6 7. d3 Nd7 8.
Nbd2 O-O 9. Nc4 f6 10. b3 c5 11. h3 Nb8 12. Bb2 Nc6 13. Nh2 Be6 14. Ng4 Bd6 15.
Nge3 Qd7 16. Qd2 a5 17. a4 b6 18. h4 Nd4 19. Rae1 Rad8 20. f3 Kh8 21. h5 Bf7 22.
g4 Ne6 23. Qh2 Rb8 24. Nf5 Rfe8 25. Rf2 Ng5 26. f4 exf4 27. Ncxd6 cxd6 28. h6
Kg8 29. hxg7 Re6 30. Qh4 Re5 31. Rxf4 Bg6 32. Ref1 Bxf5 33. Bxe5 1-0

[Event "57th World Juniors 2018"]
[Site "Manavgat TUR"]
[Date "2018.09.14"]
[Round "10.28"]
[White "Schitco, Ivan"]
[Black "Priasmoro, Novendra"]
[Result "1-0"]
[WhiteTitle "FM"]
[BlackTitle "FM"]
[WhiteElo "2358"]
[BlackElo "2498"]
[WhiteFideId "13905465"]
[BlackFideId "7105029"]
[EventDate "2018.09.05"]

1. d4 Nf6 2. c4 g6 3. Nc3 Bg7 4. e4 d6 5. Nge2 O-O 6. Ng3 c5 7. d5 e6 8. Be2
exd5 9. exd5 Na6 10. O-O Nc7 11. Bg5 h6 12. Bf4 a6 13. a4 Rb8 14. a5 b5 15. axb6
Rxb6 16. Qd2 Kh7 17. h3 Nfe8 18. Bd3 f5 19. Na4 Rb4 20. Qc2 Bd7 21. Rfb1 Qb8 22.
Bd2 Rb7 23. Ne2 Nf6 24. Nac3 Re8 25. f3 Re7 26. Nf4 Nfe8 27. g4 Bd4+ 28. Kg2 Ng7
29. h4 Qf8 30. h5 gxh5 31. Rh1 Be3 32. Bxe3 Rxe3 33. Qd2 Qe7 34. Kf2 hxg4 35.
fxg4 Rxb2 36. Qxb2 Qe5 37. Nce2 Qxb2 38. Kxe3 Kg8 39. Rab1 Qe5+ 40. Kd2 fxg4 41.
Rxh6 Bf5 42. Rb8+ Nce8 43. Bxf5 Qxf5 44. Rxd6 a5 45. Ne6 Qe5 46. Rdd8 Kh7 47.
Rb7 Kh6 48. Rb6 Kh7 49. Rd7 a4 50. Nxg7 Nxg7 51. Rbb7 a3 52. Rxg7+ Kh6 53. Rge7
Qa1 54. d6 a2 55. d7 Qh8 56. Ra7 Qb8 57. Re6+ Kg5 58. Re5+ Kh4 59. Rxa2 g3 60.
Rd5 Qd8 61. Ra8 1-0

[Event "57th World Juniors 2018"]
[Site "Manavgat TUR"]
[Date "2018.09.14"]
[Round "10.29"]
[White "Sadikhov, Ulvi"]
[Black "Krishna Teja, N"]
[Result "1-0"]
[WhiteTitle "IM"]
[BlackTitle "IM"]
[WhiteElo "2491"]
[BlackElo "2356"]
[WhiteFideId "13401416"]
[BlackFideId "5001498"]
[EventDate "2018.09.05"]

1. e4 c6 2. c4 d5 3. exd5 cxd5 4. cxd5 Nf6 5. Nc3 Nxd5 6. Nf3 Nc6 7. Bb5 Nc7 8.
Bxc6+ bxc6 9. O-O Bg4 10. h3 Bh5 11. d4 e6 12. g4 Bg6 13. Qa4 Bd6 14. Qxc6+ Qd7
15. Qxd7+ Kxd7 16. Ne5+ Ke7 17. Bf4 f6 18. Nc6+ Kd7 19. Bxd6 Kxd6 20. Na5 h5 21.
Kg2 Rab8 22. b3 hxg4 23. hxg4 Nd5 24. Nc4+ Kd7 25. Na4 Rh4 26. Nc5+ Ke7 27. Ne3
Rbh8 28. Nxd5+ exd5 29. Rfe1+ Kf7 30. Kf3 Rh3+ 31. Ke2 R8h4 32. Rg1 Rc3 33. Rac1
Rxg4 34. Rxc3 Rxg1 35. Nd3 Bxd3+ 36. Kxd3 Rd1+ 37. Ke2 Rxd4 38. Rc7+ Kg6 39.
Rxa7 f5 40. Ra4 1-0

[Event "57th World Juniors 2018"]
[Site "Manavgat TUR"]
[Date "2018.09.14"]
[Round "10.30"]
[White "Tang, Andrew"]
[Black "Schekachikhin, Maksim"]
[Result "0-1"]
[WhiteTitle "GM"]
[BlackTitle "IM"]
[WhiteElo "2489"]
[BlackElo "2356"]
[WhiteFideId "2059630"]
[BlackFideId "24177830"]
[EventDate "2018.09.05"]

1. d4 d6 2. c4 e5 3. Nf3 e4 4. Ng5 f5 5. Nc3 Be7 6. Nh3 Nf6 7. Bg5 O-O 8. e3 Be6
9. Nf4 Bf7 10. h4 Nbd7 11. Be2 c6 12. h5 a6 13. a4 a5 14. Bh4 Nb6 15. Qb3 Rb8
16. g4 fxg4 17. Bxf6 Bxf6 18. Nxe4 Be7 19. h6 g5 20. d5 Nd7 21. Ne6 Bxe6 22.
dxe6 Ne5 23. O-O-O Qc8 24. Qc3 Qxe6 25. c5 Rbd8 26. cxd6 Bf6 27. Nc5 Qa2 28. Kc2
Nd3 29. Qb3+ Qxb3+ 30. Nxb3 Nxf2 31. Nxa5 Nxh1 32. Rxh1 Rxd6 33. Nxb7 Rd7 34.
Nc5 Re7 35. Bxg4 Rxe3 36. Nd7 Rf7 37. Rd1 Be7 38. a5 Rf2+ 39. Rd2 Rxd2+ 40. Kxd2
Re4 41. Bf5 Ra4 42. Be6+ Kh8 43. Ne5 Rxa5 44. Nxc6 Ra6 45. Bd7 Bf8 46. Kc3 Bxh6
47. b4 Rb6 48. Kc4 Bf8 49. b5 Kg7 50. Ne5 Bd6 51. Nf3 Kf6 52. Kd5 h5 53. Nd2 Bf4
54. Ne4+ Ke7 55. Nc5 Rd6+ 0-1